000 01230nam0a22003011 4500
001 rc\2686980
005 20250623161131.0
035 _a(NLR Aleph) 006815287
090 _a6386247
_c6386247
100 _a20110915d1933 |||y0rusy50 ca
101 0 _arus
102 _aRU
105 _ay z |||||
200 1 _aЖизель
_eБалет в 2 д.
_e[Краткое либретто]
_fСоч. Теафилья [?] [Теофиля] Готье и Сен Жоржа
_gМуз. А. Адама
_gСост. Слонимским
210 _aЛенинград
_cБюро обслуживания рабочего зрителя ленингр. гос. театров
_d1933
_gтипо-лит. им. т. Григорьева
215 _aОбл., 20 с.
_d14х10 см.
225 1 _aВ помощь зрителю
700 1 _aСлонимский
_bЮ.И.
_f1902-1978
_gЮрий Иосифович
702 1 _aГотье
_bТ.
_gТеофиль
_4100
702 1 _aЖорж
_bС.
_gСен
_4100
702 1 _aАдам
_bА.
_4230
712 0 2 _aЛенинградское Упр. гос. театров
801 0 _aRU
_bNLR
_gpsbo
801 1 _aRU
_bELAR
_2rusmarc
852 _aNLR
_j34-8/573
942 _cBOOK
980 _aNB